Violent betrayal : partner abuse in lesbian relationships /

Uloženo v:
Podrobná bibliografie
Hlavní autor: Renzetti, Claire M. (Autor)
Médium: Kniha
Jazyk:angličtina
Vydáno: Newbury Park, CA : Sage, 1992
Tagy: Přidat tag
Žádné tagy, Buďte první, kdo vytvoří štítek k tomuto záznamu!

MARC

LEADER 00000nam a22000007i 4500
001 IT\ICCU\UBO\3553463
003 ItRI
005 20260115231821.0
008 090114s1992 xxu|||||| ||||| |||||c
020 |a 0803938888 
020 |a 0803938896 (pbk.) 
040 |b ita  |c importazione bologna sebina 
041 7 |a eng  |2 ISO-639-2 
100 1 |a Renzetti, Claire M.  |0 IT\ICCU\TO0V\093100  |4 aut 
245 1 0 |a Violent betrayal :  |b partner abuse in lesbian relationships /  |c Claire M. Renzetti. 
260 |a Newbury Park, CA :  |b Sage,  |c 1992 
300 |a 202 p. ;  |c 22 cm. 
942 |2 ddc  |c BK  |n 0 
952 |0 0  |1 0  |4 0  |6 L_362_829000000000000_REN  |7 0  |9 13464  |a BO  |b BO  |d 2026-01-15  |i 3044  |l 0  |o L 362.829 REN  |p BO3044  |r 2026-01-15 23:18:21  |w 2026-01-15  |x [Sebina 5] [1 v.]  |y BK  |z 1 v. 
999 |c 11572  |d 11572